Aktuálny pohľad na vývoj vzťahu finančných ukazovateľov a právnych foriem poľnohospodárskych podnikov

Overenie predpokladu existencie vzájomného vzťahu dosahovaných finančných výsledkov ekonomických subjektov a právnej formy podnikania. Zistenia, či zmeny, ktoré nastali v ukazovateľoch finančného zdravia podnikov, by mohli mať vplyv na tvorbu efektívnej štruktúry slovenského poľnohospodárstva. Zhodn...

Descrizione completa

Salvato in:
Dettagli Bibliografici
Autore principale: Moravčíková, Elena, 1967-
Natura: Capitolo di libro
Lingua:slovacco
Soggetti:
Tags: Aggiungi Tag
Nessun Tag, puoi essere il primo ad aggiungerne!!

MARC

LEADER 00000naa$a2200000$$$4500
001 0261157
005 20240502074138.9
041 0 |a slo 
044 |a SK 
245 1 0 |a Aktuálny pohľad na vývoj vzťahu finančných ukazovateľov a právnych foriem poľnohospodárskych podnikov  |c Elena Moravčíková 
520 |a Overenie predpokladu existencie vzájomného vzťahu dosahovaných finančných výsledkov ekonomických subjektov a právnej formy podnikania. Zistenia, či zmeny, ktoré nastali v ukazovateľoch finančného zdravia podnikov, by mohli mať vplyv na tvorbu efektívnej štruktúry slovenského poľnohospodárstva. Zhodnotenie vybraných finančných ukazovateľov dosahovaných ekonomickými subjektmi podnikajúcimi v poľnohospodárstve, lesníctve a rybolove. 
610 2 0 |a podnik poľnohospodársky 
610 2 0 |a ukazovatele finančné 
610 2 0 |a poľnohospodárstvo 
610 2 0 |a formy podnikov 
610 2 0 |a činnosť hospodárska 
610 2 0 |a analýza finančná 
100 1 |a Moravčíková, Elena, 1967-